[Event "Madurai Athens of the East op 1st"]
[Site "Madurai"]
[Date "2019.08.12"]
[Round "3"]
[White "Kalyani, B."]
[Black "Raja, Rithvik R"]
[Result "0-1"]
[WhiteElo "1736"]
[BlackElo "2364"]
[PlyCount "68"]
[EventDate "2019.08.11"]
[EventType "swiss"]
[EventRounds "10"]
[EventCountry "IND"]
[SourceTitle "CBM 191 Extra"]
[Source "ChessBase"]
[SourceDate "2019.09.30"]
[SourceVersion "1"]
[SourceVersionDate "2019.09.30"]
[SourceQuality "1"]

1. e4 c5 2. Nf3 d6 3. d4 cxd4 4. Nxd4 Nf6 5. Nc3 a6 6. Bc4 e6 7. Bb3 b5 8. 0-0 Be7 9. Qf3 Qb6 10. Be3 Qb7 11. Qg3 0-0 12. Bh6 Ne8 13. Rfe1 Kh8 14. Bg5 Nf6 15. Rad1 b4 16. Bxf6 Bxf6 17. Na4 Qc7 18. Nf3 Be7 19. Rc1 Bb7 20. c3 bxc3 21. Rxc3 Qa5 22. e5 d5 23. Rec1 Nd7 24. Nd4 Rac8 25. f4 Nc5 26. Nxc5 Bxc5 27. Qd3 Qb6 28. Rd1 g6 29. Kh1 a5 30. Nc2 d4 31. Rc4 Ba6 32. Nxd4 Rfd8 33. Qc3 Bxc4 34. Bxc4 Rxd4 0-1

[Event "IND-ch U17 Girls"]
[Site "Haryana"]
[Date "2018.09.04"]
[Round "2"]
[White "Tarini, Goyal"]
[Black "Kalyani, B."]
[Result "1-0"]
[WhiteElo "2072"]
[BlackElo "1656"]
[PlyCount "49"]
[EventDate "2018.09.03"]
[EventType "swiss"]
[EventRounds "11"]
[EventCountry "IND"]
[SourceTitle "CBM 186 Extra"]
[Source "ChessBase"]
[SourceDate "2018.08.24"]
[SourceVersion "1"]
[SourceVersionDate "2018.08.24"]
[SourceQuality "1"]

1. d4 Nf6 2. c4 g6 3. g3 Bg7 4. Bg2 d6 5. Nc3 0-0 6. Nf3 Nbd7 7. 0-0 e5 8. h3 Re8 9. dxe5 dxe5 10. Be3 c6 11. Qc1 Qc7 12. Rd1 Bf8 13. Ng5 h6 14. Nge4 Kh7 15. c5 Re6 16. Rb1 Nxe4 17. Nxe4 f5 18. Nd6 Nf6 19. Qc4 Bd7 20. Rd2 Be7 21. Rbd1 b5 22. cxb6 axb6 23. Nb5 Qd8 24. Rxd7 Nxd7 25. Qxe6 1-0

[Event "IND-ch U15 Girls 30th"]
[Site "Kolkata"]
[Date "2013.08.08"]
[Round "4"]
[White "Kalyani, B."]
[Black "Meghna, Upadhyay"]
[Result "0-1"]
[WhiteElo "1442"]
[BlackElo "1593"]
[PlyCount "36"]
[EventDate "2013.08.06"]
[EventType "swiss"]
[EventRounds "11"]
[EventCountry "IND"]
[SourceTitle "CBM 155 Extra"]
[Source "ChessBase"]
[SourceDate "2013.08.26"]
[SourceVersion "1"]
[SourceVersionDate "2013.08.26"]
[SourceQuality "1"]

1. e4 c5 2. Nf3 d6 3. d4 cxd4 4. Nxd4 Nf6 5. Nc3 a6 6. Bc4 Nbd7 7. Bb3 e6 8. Bg5 Be7 9. Bxe6 fxe6 10. Nxe6 Qa5 11. Nxg7+ Kf7 12. Bh6 Nxe4 13. Qe2 Ndf6 14. Qc4+ Kg6 15. b4 Qe5 16. Bd2 Nxc3+ 17. Kf1 Nce4 18. Rd1 Nxd2+ 0-1